Score 0/22 Timer 10:00
0 Plays Today
Hint Answer % Correct
EygptCairo
98.2%
IsraelJerusalem
95.1%
IraqBaghdad
94.5%
TunisiaTunis
93.9%
TurkeyAnkara
93.9%
AlgeriaAlgiers
91.5%
LibyaTripoli
88.4%
AfghanistanKabul
88.4%
IranTehran
87.1%
CyprusNicosia
85.4%
MoroccoRabat
84.8%
Hint Answer % Correct
PakistanIslamabad
84.8%
KuwaitKuwait City
83.3%
United Arab EmiratesAbu Dhabi
82.7%
JordanAmman
80.5%
Saudi ArabiaRiyadh
78.7%
YemenSana'a
78%
OmanMuscat
76.2%
LebanonBeirut
76.2%
SyriaDamascus
74.8%
QatarDoha
74.4%
BahrainManama
64.6%
Remove Ads.
Support Sporcle.
Get the best of Sporcle when you Go Orange. This ad-free experience offers more features, more stats, and more fun while also helping to support Sporcle. Thank you for becoming a member.

You're not logged in!

Compare scores with friends on all Sporcle quizzes.
OR
Log In

Show Comments

Extras

Top Quizzes Today


Score Distribution

Your Account Isn't Verified!

In order to create a playlist on Sporcle, you need to verify the email address you used during registration. Go to your Sporcle Settings to finish the process.

Report this User

Report this user for behavior that violates our Community Guidelines.

Details: